الأسواق المالية : (رقم التسجيلة. 28857)
[ عرض عادي ]
| 000 -الفاتح | |
|---|---|
| حقل البيانات ثابتة الطول | 00578nam a2200169 a 4500 |
| 003 - محدد رقم الضبط | |
| رقم الضبط | OSt |
| 005 - وقت وتاريخ اخر تعامل مع التسجيلة | |
| رقم الضبط | 20150408114125.0 |
| 008 - عناصر البيانات ثابتة الطول - معلومات عامة | |
| حقل البيانات ثابتة الطول | 130312n19uu ||||g |||| 00| 0 ara d |
| 040 ## - مصدر الفهرسة | |
| وكالة الفهرسة الأصلية | MA_UN |
| 082 04 - رقم تصنيف ديوى العشرى | |
| رقم الطبعة | 21 |
| رقم التصنيف | 332.6 |
| رقم المادة | ع م أ |
| 100 1# - المدخل الرئيسى - إسم شخصى | |
| الإسم الشخصى | عبد النبي، محمد أحمد |
| 9 (RLIN) | 12714 |
| 245 12 - بيان العنوان | |
| العنوان | الأسواق المالية : |
| بقية العنوان | (الأصول العلمية والتحليل الأساسي) / |
| بيان المسئوليه,etc | محمد أحمد عبد النبي. |
| 260 ## - PUBLICATION, DISTRIBUTION, ETC. (IMPRINT) | |
| مكان الناشر او الموزع | [د. م. : |
| اسم الناشر او الموزع | د. ن.، |
| تاريخ النشر أو التوزيع | 19-- |
| -- | 13--] |
| 300 ## - الوصف المادى | |
| التعداد | 149 ص. ؛ |
| أبعاد الوعاء | 24 سم. |
| 650 #7 - المدخل الاضافى بالموضوع-مصطلح موضوعى | |
| مصدر الرأس أو المصطلح | aucsh |
| مصطلح موضوعي أو اسم جغرافي كعنصر مدخل | البورصات |
| 942 ## - عناصر المدخل الإضافي( كوها) | |
| مصدر التصنيف او مخطط الترفيف | Dewey Decimal Classification |
| Koha [default] item type | كتاب |
| حالة الفقد | نموذج السعر الفعال | حالة تلف | ليس للاعارة | رقم الطلب | رقم النسخة | تاريخ الاكتساب | الموقع الحالي | الباركود | الفرع الرئيسي | Date last seen | نوع المادة فى نظام كوها | مصدر التصنيف او خطة الترفيف | Total Checkouts |
|---|---|---|---|---|---|---|---|---|---|---|---|---|---|
| 2013-03-28 | Not For Loan | 332.6 ع م أ | 1 | 2013-03-28 | المكتبة المركزية بالمجمعة (CL) | 00205760 | المكتبة المركزية بالمجمعة (CL) | 2013-03-28 | كتاب | Dewey Decimal Classification | |||
| 2013-03-28 | 332.6 ع م أ | 2 | 2013-03-28 | المكتبة المركزية بالمجمعة (CL) | 00205759 | المكتبة المركزية بالمجمعة (CL) | 2013-03-28 | كتاب | Dewey Decimal Classification | ||||
| 2013-03-28 | 332.6 ع م أ | 3 | 2013-03-28 | المكتبة المركزية بالمجمعة (CL) | 00205758 | المكتبة المركزية بالمجمعة (CL) | 2013-03-28 | كتاب | Dewey Decimal Classification | ||||
| 2013-03-28 | Not For Loan | 332.6 ع م أ | 1 | 2013-03-28 | مكتبة مجمع الكليات بالزلفى - طلاب (SZM) | 00205761 | مكتبة مجمع الكليات بالزلفى - طلاب (SZM) | 2013-03-28 | كتاب | Dewey Decimal Classification | |||
| 2013-03-28 | 332.6 ع م أ | 2 | 2013-03-28 | مكتبة مجمع الكليات بالزلفى - طلاب (SZM) | 00205762 | مكتبة مجمع الكليات بالزلفى - طلاب (SZM) | 2013-03-28 | كتاب | Dewey Decimal Classification |
